De la URSS a Rusia: tres décadas de experiencias y observaciones de un testigo

Збережено в:
Бібліографічні деталі
Автор: Prieto, Carlos (Автор)
Формат: Книга
Мова:Іспанська
Опубліковано: Cuernavaca Fondo de Cultura Económica 1993
Редагування:1a. ed
Предмети:
Теги: Додати тег
Немає тегів, Будьте першим, хто поставить тег для цього запису!

MARC

LEADER 00000nam a2200000 a 4500
001 UCG2074
003 CL-VaPUC
008 100610e19930000MX |||||||||||||||||spa|d
020 |a 9681639561 
082 0 4 |a 917.086  |b PRI  |2 21 
100 0 |a Prieto, Carlos  |e author  |9 550342 
245 1 0 |a De la URSS a Rusia: tres décadas de experiencias y observaciones de un testigo 
250 |a 1a. ed 
300 |a 325 p 
942 |c BK 
945 |d 20100610 00:00:00  |a dcastane 
260 |a Cuernavaca  |b Fondo de Cultura Económica  |c 1993 
650 7 |a HISTORIA DE RUSIA 1991  |2 CL-VaPUC  |9 465266 
650 0 |a Política y gobierno  |9 255151 
650 0 |a Condiciones económicas  |9 258255 
650 0 |a Condiciones sociales   |9 257278 
651 0 |a Rusia   |9 256106 
583 |a last modification  |c 20100610 00:00:00  |k Rodrigo Vera 
999 |c 341314  |d 341312 
952 |0 0  |1 0  |4 0  |6 917_086000000000000_PRI_1993  |7 0  |8 A  |9 436695  |a BIBDER  |b BIBDER  |d 2019-11-22  |i 4683595  |o 917.086 PRI 1993  |p 4683595  |r 2023-01-25  |w 2019-11-22  |y BK  |k DER